| 000 | 00422nam a2200145Ia 4500 | ||
|---|---|---|---|
| 008 | 100415s9999 xx 000 0 und d | ||
| 082 |
_b2481 _a595.78 |
||
| 100 | _aTalbot G. | ||
| 245 | _aA monograph of the pierine genus delias | ||
| 260 |
_aLONDON _c1937 _bTHE BRITISH MUSEUM |
||
| 365 | _b0 | ||
| 630 | _aA monograph of the pierine genus delias | ||
| 730 | _aA monograph of the pierine genus delias | ||
| 942 | _cBOOK | ||
| 999 |
_c585479 _d585476 |
||